| 000 | 00309nam a22001217a 4500 | ||
|---|---|---|---|
| 020 | _a978-1-4987-0712-1 | ||
| 082 |
_a621.3121 _bZAB |
||
| 100 |
_aZabihian, Farshid _9112442 |
||
| 245 | _aPower Plant Engineering | ||
| 260 |
_aBoca Raton : _bCRC Press, _c2021. |
||
| 300 | _axxvii, 1221 p. : | ||
| 942 |
_2ddc _cBK |
||
| 999 |
_c594807 _d594807 |
||